000 00467nam a2200229Ia 4500
003 IT-RoPAU
008 120407s9999 xx 000 0 und d
040 _aIT-RoPAU
040 _cIT-RoPAU
041 _aita
100 _aR. Dupuis
100 _cs.j.
245 _aCortesia cristiana e dignità umana
250 _aMilano
260 _aEdizioni Paoline
260 _c1956
300 _c cm
490 _aVda
490 _v1
942 _cBK
999 _c142
_d142